00434nam a2200205Ia 4500003000900000008004100009040001300050040001300063041000800076100001900084245001800103250001200121260001200133260000900145300001100154300001000165490003300175490000600208700001400214IT-RoPAU120407s9999 xx 000 0 und d aIT-RoPAU cIT-RoPAU aita aHenri Cazelles aIl pentateuco aBrescia aPaideia c1968 a343 p. c24 cm aBibliot. di Studi Biblici, 4 v1 aJ. Bouhot